000 004320000a22001690004500
003 MACL
005 20151217163221.0
008 151217b xxu||||| |||| 00| 0 eng d
040 _aMACL
_cMACL
041 _aEnglish
082 _a030/HAS
100 _aHastings, James
_920942
245 _aEncyclopaedia of Religion and Ethics
_bVol X
260 _bT & T Clark
_c1952
650 _aEncyclopaedia
_920951
942 _cBK
_k030/HAS
_2ddc
999 _c40557
_d40557